| 000 | 00471nam a2200157 a 4500 | ||
|---|---|---|---|
| 005 | 20140412111307.0 | ||
| 008 | 010522s19uu xx 00 eng d | ||
| 020 | _a0-14-050739-6 | ||
| 050 |
_aTR(PS E _bAB1 1989 |
||
| 100 | _aHennessy, B. G. | ||
| 245 |
_aA,B,C,D, tummy, toes, hands, knees / _cby B. G. Hennessy; pcitures by Wendy Watson. |
||
| 260 |
_aNew Zealand : _bPuffin Books, _c1989. |
||
| 300 | _a1v. (unp.) ; ill. | ||
| 650 | _aPicture book | ||
| 999 |
_c103757 _d103757 |
||